| 000 | 01370nam a2200337 i 4500 | ||
|---|---|---|---|
| 001 | 768714001 | ||
| 003 | CO-MdFUSB | ||
| 005 | 20220316112159.0 | ||
| 007 | ta | ||
| 008 | 211111t2016 -us |||| |||| 00| 0 spa d | ||
| 020 | _a9781628242140 | ||
| 040 |
_aCO-MdFUSB _bspa _cCO-MdFUSB _dCO-MdFUSBC _erda |
||
| 041 | _aspa | ||
| 082 |
_223 _a287.10924 _bSN675 |
||
| 100 |
_aSneyder, Howard A. _eautor |
||
| 245 | 1 | 3 |
_aEl Wesley radical : _bpatrones para la renovación de la iglesia. _c/ Howard A. Sneyder |
| 264 | 1 |
_aEstados Unidos : _bSeedbed Publishing, _c[2016] |
|
| 264 | 4 | _c© 2016 | |
| 300 |
_a208 páginas _c; 22 cm |
||
| 336 |
_2rdacontent _atexto _btxt |
||
| 337 |
_2rdamedia _asin mediación _bn |
||
| 338 |
_2rdacarrier _avolumen _bnc |
||
| 505 |
_tParte I. La formación de un cristiano radical:
_aLas raíces de Wesley - Aldersgate y Fetter Lane - Predicando a los pobres - Un pueblo llamado metodistas - Odres nuevos. |
||
| 505 |
_tParte II. Repensar la iglesia:
_a¿Qué es la iglesia? - La iglesia en la historia - Ministerio y sacramento. |
||
| 505 |
_tParte III. Wesley y la fe radical hoy.
_a¿Qué tipo de radical? - Patrones de renovación - La síntesis wesleyana - Wesley y la Iglesia hoy. |
||
| 563 | _aRústico | ||
| 600 | 7 |
_aWesley, John, _d1703-1791 _xTeología |
|
| 610 | 2 | 0 | _aIglesia Metodista |
| 942 | _cBK | ||
| 945 | _aJTF-925 | ||
| 999 |
_c67003 _d67003 |
||